Statistics for Which Country Between?

Click here to take the quiz!

General Stats

  • This quiz has been taken 34 times
  • The average score is 6 of 10

Answer Stats

QuestionAnswer% Correct
Between South Korea's and Vietnam's populationThailand
80%
Longitude between Portugal's and Azerbaijan'sJordan
67%
Between Italy's and Philippines' % of CatholicsMexico
67%
Between France's and Germany's areaSpain
67%
Between Australia's and New Zealand's life expectancyItaly
57%
Between Serbia's and Montenegro's number of land bordersLibya
53%
On every straight line between (any place in) Malta and (any place in) FinlandCroatia
47%
Latitude between Algeria's and Tanzania'sGuyana
47%
Its capital sits alphabetically between the capitals of Jamaica and MalaysiaSt Vincent and the Grenadines
47%
Between India's and Pakistan's orange productionEgypt
33%

Score Distribution

Percentile by Number Answered

Percent of People with Each Score

Your Score History

You have not taken this quiz